| 000 | 00437cam a22001097a 4500 | ||
|---|---|---|---|
| 008 | 180718b1978 xxu||||| |||| 00| 0 eng d | ||
| 082 | _aOA56x54 In2 | ||
| 245 |
_aReport of the working group on art and culture for sixth five year plan _cby Ministry of Education, Social Welfare & Culture |
||
| 260 |
_aNasik _bThe Manager, Government of India Press _c1978 |
||
| 300 | _a16p. | ||
| 700 | _aIndia. Ministry of Education, Social Welfare & Culture | ||
| 999 |
_c494254 _d494254 |
||